000 00352nam a2200169Ia 4500
003 0100
008 130307s9999 xx 000 0 und d
040 _cARRUPELIB
050 _aHV99.N6H62
100 _aDay, Dorothy
245 _aHouse of Hospitality
260 _aNY
260 _bSheed Ward
260 _c1939
300 _a275p
942 0 0 _01
999 _c84741
_d84741